Central Library OPAC University of Rajshahi

Euripides and his age / (Record no. 21705)

MARC details
000 -LEADER
fixed length control field 00820cam a2200277u 4500
001 - CONTROL NUMBER
control field 21705
003 - CONTROL NUMBER IDENTIFIER
rucl marc code BD-RjUL
005 - DATE AND TIME OF LATEST TRANSACTION
control field 20211209000722.0
008 - FIXED-LENGTH DATA ELEMENTS--GENERAL INFORMATION
fixed length control field 140305r19471946enk 001 0beng
035 ## - SYSTEM CONTROL NUMBER
System control number (BD-RjUL)21770
040 ## - CATALOGING SOURCE
Original cataloging agency DLC
Transcribing agency CarP
Modifying agency DLC
-- BD-RjUL
Language of cataloging eng
041 ## - LANGUAGE CODE
Language code of text/sound track or separate title eng
082 ## - DEWEY DECIMAL CLASSIFICATION NUMBER
Classification number 882.01
Author mark and year MUE 1947
100 1# - MAIN ENTRY--PERSONAL NAME
Personal name Murray, Gilbert,
Dates associated with a name 1866-1957.
9 (RLIN) 67039
245 10 - TITLE STATEMENT
Title Euripides and his age /
Statement of responsibility, etc. Gilbert Murray.
250 ## - EDITION STATEMENT
Edition statement 2nd ed.
260 ## - PUBLICATION, DISTRIBUTION, ETC. (IMPRINT)
Place of publication, distribution, etc. London ;
-- New York :
Name of publisher, distributor, etc. Oxford University Press,
Date of publication, distribution, etc. [Reprinted 1965].
300 ## - PHYSICAL DESCRIPTION
Pagination 170 p. ;
Size 20 cm.
504 ## - BIBLIOGRAPHY, ETC. NOTE
Bibliography, etc Includes index.
600 00 - SUBJECT ADDED ENTRY--PERSONAL NAME
Personal name Euripides
General subdivision Criticism and interpretation.
650 #0 - SUBJECT ADDED ENTRY--TOPICAL TERM
Topical term or geographic name as entry element Mythology, Greek, in literature.
9 (RLIN) 55954
Topical term or geographic name as entry element Tragedy.
9 (RLIN) 67041
942 ## - ADDED ENTRY ELEMENTS (KOHA)
Source of classification or shelving scheme Dewey Decimal Classification
Koha item type Books
Holdings
Lost status Source of classification or shelving scheme Damaged status Not for loan Collection code Permanent Location Current Location Shelving location Date acquired Source of acquisition Cost, normal purchase price Total Checkouts Full call number Date last seen Date checked out Copy number Koha item type
  Dewey Decimal Classification     Fiction Central Library, University of Rajshahi Central Library, University of Rajshahi   22/01/1955 M. B. P. Dacca 3.12 1 882.01 MUE 1947 10/08/2023 07/06/2023 C-2 Books
  Dewey Decimal Classification   Added to bundle Fiction Central Library, University of Rajshahi Central Library, University of Rajshahi Reading Room 17/10/1955 O. U. P. 3.60   882.01 MUE 1947 05/03/2014   C-1 Books
  Dewey Decimal Classification     Fiction Central Library, University of Rajshahi Central Library, University of Rajshahi   25/02/1957 Puthia Rayestate     882.01 MUE 1965 06/03/2014   C-3 Books
  Dewey Decimal Classification     Fiction Central Library, University of Rajshahi Central Library, University of Rajshahi   25/10/1954 O.U.P. 3.06   882.01 MUE 1947 28/01/2017   C-4 Books